000 005750000a22001810004500
003 MACL
005 20160421115111.0
008 160421b xxu||||| |||| 00| 0 eng d
040 _aMACL
_cMACL
041 _aHindi
082 _a740
100 _aखन्‍ना सुदर्शन
_953018
245 _aसुंदर सलोने भारतीय खिलौने
260 _bनेशनल बुक ट्रस्‍ट
_c1993
_aनई दिल्‍ली
350 _a90
650 _aDrawing & Decorative Arts
_97454
942 _cHIN
_k740
_2ddc
999 _c21299
_d21299